The money interest and the public interest American monetary thought, 1920-1970 /

Sábháilte in:
Sonraí bibleagrafaíochta
Príomhchruthaitheoir: Mehrling, Perry
Údar corparáideach: ebrary, Inc
Formáid: Leictreonach Ríomhleabhar
Teanga:Béarla
Foilsithe / Cruthaithe: Cambridge, Mass. : Harvard University Press, 1997.
Sraith:Harvard economic studies ; v. 162.
Ábhair:
Rochtain ar líne:An electronic book accessible through the World Wide Web; click to view
Clibeanna: Cuir clib leis
Níl clibeanna ann, Bí ar an gcéad duine le clib a chur leis an taifead seo!

MARC

LEADER 00000nam a2200000 a 4500
001 0000062971
005 20171002053042.0
006 m u
007 cr cn|||||||||
008 970428s1997 mau sb 001 0 eng
010 |z  97017051 
020 |z 0674584309 
035 |a (CaPaEBR)ebr5004915 
035 |a (OCoLC)50024527 
040 |a CaPaEBR  |c CaPaEBR 
050 1 4 |a HG539  |b .M44 1997eb 
082 0 4 |a 332.4/973  |2 21 
100 1 |a Mehrling, Perry. 
245 1 4 |a The money interest and the public interest  |h [electronic resource] :  |b American monetary thought, 1920-1970 /  |c Perry G. Mehrling. 
260 |a Cambridge, Mass. :  |b Harvard University Press,  |c 1997. 
300 |a xiv, 283 p. 
490 1 |a Harvard economic studies ;  |v v. 162 
504 |a Includes bibliographical references (p. 245-280) and index. 
533 |a Electronic reproduction.  |b Palo Alto, Calif. :  |c ebrary,  |d 2013.  |n Available via World Wide Web.  |n Access may be limited to ebrary affiliated libraries. 
650 0 |a Monetary policy  |z United States  |x History. 
655 7 |a Electronic books.  |2 local 
710 2 |a ebrary, Inc. 
830 0 |a Harvard economic studies ;  |v v. 162. 
856 4 0 |u http://site.ebrary.com/lib/daystar/Doc?id=5004915  |z An electronic book accessible through the World Wide Web; click to view 
908 |a 170314 
942 0 0 |c EB 
999 |c 52129  |d 52129